| 000 | 01734nam a22002777a 4500 | ||
|---|---|---|---|
| 001 | 6178 | ||
| 003 | FISKH | ||
| 005 | 20250324143447.0 | ||
| 008 | 250324b cb ||||| |||| 00| 0 eng d | ||
| 020 | _a9780545459884 | ||
| 040 |
_aFISKH _beng _cFISKH _dFISKH |
||
| 050 | _aCT9970.B73 | ||
| 082 | _a920.72 | ||
| 100 | _aBranzei, Sylvia | ||
| 245 |
_aRebel in a dress : adventurers / _cBy Sylvia Branzei : Illustrated by Melissa Sweet |
||
| 250 | _aFirst Scholastic printing, March 2012 | ||
| 260 |
_aNew York : _bScholastic ; _c2011 . |
||
| 300 |
_a96 pages : _bcolor illustrations ; _c21 cm . |
||
| 490 | _aRebel in a dress | ||
| 520 | _aFor the rebel in every girl's heart, this series presents the achievements of extraordinary, relevant, and inspiring women throughout history. Through quotes, narratives, photographs, illustrations, and fact-filled side-bars, each book tells the story of twelve bold and courageous women. When the world told them to stay put, these twelve adventurers took to the skies, slopes, and seas. From the daring aviator Amelia Earhart to the relentless photojournalist Margaret Bourke-White, these brave women will dare you to follow your dreams. Featured adventurers include Gudridur Thorbjarnarsdottir (Viking traveler), Susan Butcher (dog sled racer), Kit DesLauriers (skier), Valentina Tereshkova (astronaut), Bessie Coleman (pilot), Janet Guthrie (racecar driver), Sophie Blanchard (balloonist), Nellie Bly (journalist), Gertrude Ederle (English Channel swimmer), and Dr. Diana Hoff (Atlantic Ocean rower). | ||
| 650 |
_aGertrude Ederle _vNon-fiction |
||
| 650 |
_aBessie Coleman _vNon-fiction |
||
| 700 |
_aSweet, Melissa _eIllustrator |
||
| 942 |
_2ddc _cBK _n0 |
||
| 999 |
_c6178 _d6178 |
||